UK Cities With Busiest Airports - Statistics

General Stats
  • This quiz has been taken 2,631 times
  • The average score is 8 of 9
Answer Stats
Airports # City % Correct
Heathrow, Gatwick, Stansted, Luton, City, Southend 163.16m London
100%
Manchester 25.60m Manchester
98%
Birmingham 11.64m Birmingham
91%
Edinburgh 12.35m Edinburgh
91%
Glasgow, Prestwick 10.00m Glasgow
91%
Liverpool 4.78m Liverpool
86%
Belfast International, George Best 7.81m Belfast
79%
Newcastle 4.80m Newcastle
73%
Bristol 7.60m Bristol
67%
No matching quizzes found
Score Distribution
Percent of People with Each Score
Percentile by Number Answered
Your Score History
You have not taken this quiz